000 00508nam a22001457a 4500
008 150416b xxu||||| |||| 00| 0 eng d
020 _a9780199916368
050 _aDS38.1.H688 2014
100 _aHoyland, Robert G.
_917227
245 _aIn God's path:
_bthe Arab conquests and the creation of an Islamic Empire
_c/by Robert C. Hoyland
260 _aNew York
_bOxford University Press
_c2015
300 _a303p. ;
_c24cm.
650 _aIslamic Empire
_xHistory
_y662-750
_917228
942 _2lcc
_cMONOGRAPH
999 _c122680
_d122680